000 01040nam a22002417a 4500
999 _c8252
_d8252
005 20180412115939.0
008 090917s2005 ck ao grc 000 0 spa d
020 _a9583383813
040 _aCO-BoIAVH
_cCO-BoIAVH
041 _aspa
044 _ack
082 0 4 _a639.34
_bS197c
100 1 _aSanabria-Ochoa, Ana Isabel
245 1 0 _aCatálogo de las principales especies de peces ornamentales de Colombia :
_bespecies de interés comercial /
_cAna Isabel Ochoa ; fotografía Jairo Vergara, Miguel Angel Landines Parra, Germán Galvis Guevara.
260 3 _aBogotá
_bInstituto Colombiano de Desarrollo Rural - INCODER
_c2005
300 _a70 p. :
_bil., fots. ;
_c28 cm.
650 6 _aPeces ornamentales
_x Clasificación
_z Colombia
_v Catálogos.
650 6 _aPeces de acuarios
_x Clasificación
_z Colombia
_v Catálogos.
700 1 _aBeltrán-Galeano, Isabel Cristina
_eed.
700 1 _aDaza, Piedad Victoria
_eed.
700 1 _aLandines Parra, Miguel Angel
_eed.
942 _2ddc
_cImpreso